[Event "Rubinstein Memorial-D 54th"]
[Site "Polanica Zdroj"]
[Date "2018.08.18"]
[Round "1"]
[White "Werner, Kacper"]
[Black "Para, Aleksandra"]
[Result "0-1"]
[WhiteElo "1342"]
[BlackElo "1016"]
[PlyCount "92"]
[EventDate "2018.08.18"]
[EventType "swiss"]
[EventRounds "9"]
[EventCountry "POL"]
[SourceTitle "EXT 2020"]
[Source "ChessBase"]
[SourceDate "2019.10.17"]
[SourceVersion "1"]
[SourceVersionDate "2019.10.17"]
[SourceQuality "1"]

1. e4 c5 2. Nf3 d6 3. d4 cxd4 4. Nxd4 Nf6 5. Nc3 a6 6. Be2 e5 7. Nb3 b5 8. a3 Be7 9. 0-0 Bb7 10. Bf3 Nbd7 11. Be3 0-0 12. Re1 Rc8 13. Qd3 Nb6 14. Nd2 Nc4 15. Nxc4 Rxc4 16. b3 Rc8 17. Ne2 Qc7 18. Rec1 Qc6 19. c4 bxc4 20. Rxc4 Qd7 21. Ng3 Rxc4 22. bxc4 Rc8 23. Rc1 Qc6 24. Qb3 Qc7 25. Rb1 Bc6 26. Qb6 Qxb6 27. Rxb6 a5 28. Ra6 a4 29. Kf1 Kf8 30. Ke2 Ke8 31. Kd3 Kd7 32. Bd1 Ra8 33. Rxa8 Bxa8 34. Bxa4+ Kd8 35. Nf5 Bxe4+ 36. Kc3 Bxf5 37. Bb5 Nd7 38. a4 Be4 39. f3 Ba8 40. a5 Nc5 41. Kb4 Kc7 42. f4 Nd3+ 43. Ka4 Nxf4 44. a6 Nxg2 45. Ba7 e4 46. Ka5 e3 0-1